[Event "Punta del Este Alekhiine op 1st"]
[Site "Punta del Este"]
[Date "2024.03.09"]
[Round "2"]
[White "Larrea, Daniela"]
[Black "Arias Bouzada, Jorge"]
[Result "0-1"]
[WhiteElo "1819"]
[BlackElo "1996"]
[PlyCount "106"]
[EventDate "2024.03.08"]
[EventType "swiss"]
[EventRounds "5"]
[EventCountry "URU"]
[SourceTitle "CB13_2024"]
[SourceDate "2024.03.27"]
[SourceVersion "1"]
[SourceVersionDate "2024.03.27"]
[SourceQuality "1"]

1. e4 c5 2. c3 d5 3. exd5 Qxd5 4. d4 Nc6 5. Nf3 Nf6 6. Be2 e6 7. c4 Qd8 8. dxc5 Qxd1+ 9. Bxd1 Bxc5 10. 0-0 0-0 11. Nc3 b6 12. Na4 Be7 13. h3 Bb7 14. Be3 Rac8 15. b3 Ne4 16. Nd2 Nb4 17. Nxe4 Bxe4 18. Bd2 Rfd8 19. Bc3 Bd3 20. Re1 b5 21. Nb2 bxc4 22. bxc4 Bg6 23. Bb3 Nd3 24. Nxd3 Rxd3 25. Be5 Bc5 26. Red1 f6 27. Bb2 Rcd8 28. Rxd3 Rxd3 29. Rd1 Rxd1+ 30. Bxd1 Bd3 31. Bb3 Kf7 32. g4 Ke7 33. g5 fxg5 34. Bxg7 Kf7 35. Be5 Kg6 36. Kg2 Kf5 37. Bg3 h5 38. h4 gxh4 39. Bxh4 Kg4 40. Bd8 Be2 41. Ba5 h4 42. Bc7 h3+ 43. Kg1 Bxc4 44. Bd1+ Kg5 45. a4 Bd5 46. Kh2 Bxf2 47. Kxh3 Kf5 48. Bc2+ Be4 49. Bd1 e5 50. Bg4+ Kf4 51. Bc8 Bb6 52. Bd6 Bc6 53. a5 Bxa5 0-1

[Event "Punta del Este Alekhiine op 1st"]
[Site "Punta del Este"]
[Date "2024.03.08"]
[Round "1"]
[White "Arias Bouzada, Jorge"]
[Black "Beron, Ricardo"]
[Result "1-0"]
[WhiteElo "1996"]
[BlackElo "1742"]
[PlyCount "75"]
[EventDate "2024.03.08"]
[EventType "swiss"]
[EventRounds "5"]
[EventCountry "URU"]
[SourceTitle "CB13_2024"]
[SourceDate "2024.03.27"]
[SourceVersion "1"]
[SourceVersionDate "2024.03.27"]
[SourceQuality "1"]

1. c4 Nf6 2. Nc3 e6 3. d4 b6 4. Bg5 Be7 5. e3 h6 6. Bh4 Bb7 7. Nf3 0-0 8. Be2 d6 9. 0-0 Nbd7 10. Qc2 c6 11. Rfd1 Qc7 12. Rac1 Rfe8 13. Qb1 a6 14. h3 Nf8 15. Bg3 Rad8 16. c5 b5 17. b4 Qc8 18. cxd6 Bxd6 19. Bxd6 Rxd6 20. Ne5 N6d7 21. f4 Nxe5 22. fxe5 Rd7 23. Ne4 Ree7 24. Bf3 Nh7 25. Nd6 Qd8 26. Bxc6 Bxc6 27. Rxc6 Rc7 28. Rdc1 Rxc6 29. Rxc6 Rc7 30. Qc1 Rxc6 31. Qxc6 Qg5 32. Qe8+ Nf8 33. Qxf7+ Kh7 34. Qxf8 Qxe3+ 35. Qf2 Qc1+ 36. Kh2 Qd1 37. Ne8 Qb1 38. Qf7 1-0

[Event "Montevideo Trebejos 50 Anniv op"]
[Site "Montevideo"]
[Date "2022.09.23"]
[Round "7"]
[White "Arias Bouzada, Jorge"]
[Black "Ramos Correa, Gabriel"]
[Result "1-0"]
[WhiteElo "2051"]
[BlackElo "1876"]
[PlyCount "91"]
[EventDate "2022.09.17"]
[EventType "swiss"]
[EventRounds "9"]
[EventCountry "URU"]
[SourceTitle "EXT 2023"]
[Source "ChessBase"]
[SourceDate "2022.10.05"]
[SourceVersion "1"]
[SourceVersionDate "2022.10.05"]
[SourceQuality "1"]

1. c4 e6 2. d4 d5 3. Nc3 c5 4. cxd5 exd5 5. Nf3 Nc6 6. Bg5 Be7 7. Bxe7 Ngxe7 8. e3 Bg4 9. Be2 0-0 10. dxc5 Qa5 11. 0-0 Qxc5 12. Rc1 Qa5 13. Qa4 Qxa4 14. Nxa4 Rac8 15. Rfd1 Rfd8 16. h3 Bxf3 17. Bxf3 Ne5 18. Be2 Rxc1 19. Rxc1 N5c6 20. Nc5 b6 21. Nb3 g6 22. Bb5 Rd6 23. Kf1 a5 24. Ke2 Re6 25. Kd2 Rf6 26. f3 Re6 27. a3 Kg7 28. Kd3 Ne5+ 29. Kd2 Nf5 30. Nd4 Nxd4 31. exd4 Nc4+ 32. Bxc4 dxc4 33. Rxc4 Kf6 34. Kd3 Rd6 35. Rc7 h5 36. h4 Ke6 37. Kc4 f6 38. Rg7 Kf5 39. d5 Rd8 40. Rb7 Rd6 41. Kd4 Kf4 42. Rc7 Kg3 43. Rc6 Rd8 44. Rxf6 Kxg2 45. Rxg6+ Kh3 46. d6 1-0

[Event "URU-chT Clubs"]
[Site "Punta del Este"]
[Date "2021.10.29"]
[Round "1.4"]
[White "Arias Bouzada, Jorge"]
[Black "Blanco, Rudemar Ernesto"]
[Result "1/2-1/2"]
[WhiteElo "2070"]
[BlackElo "1534"]
[PlyCount "87"]
[EventDate "2021.10.29"]
[EventType "team-swiss"]
[EventRounds "5"]
[EventCountry "URU"]
[SourceTitle "CBM 205 Extra"]
[Source "ChessBase"]
[SourceDate "2022.01.31"]
[SourceVersion "1"]
[SourceVersionDate "2022.01.31"]
[SourceQuality "1"]
[WhiteTeam "Canelones Pando"]
[BlackTeam "Rocha"]
[WhiteTeamCountry "URU"]
[BlackTeamCountry "URU"]

1. c4 e5 2. Nc3 Nc6 3. g3 Bb4 4. Bg2 f5 5. e3 Nf6 6. Nge2 0-0 7. 0-0 a6 8. a3 Bxc3 9. Nxc3 d6 10. d3 Qe8 11. b4 Rb8 12. f4 Ne7 13. Bb2 b6 14. Nd5 Nexd5 15. cxd5 e4 16. dxe4 Nxe4 17. Qd4 Qf7 18. Bxe4 fxe4 19. Qxe4 Bf5 20. Qd4 Qf6 21. Qxf6 gxf6 22. Rac1 Rf7 23. Rc3 Re8 24. Rfc1 Rfe7 25. a4 h5 26. h4 Be4 27. Rd1 Bf5 28. Ra3 Re4 29. Bd4 R8e7 30. Kf2 Kg7 31. a5 b5 32. Rc3 Bc8 33. Rd2 Kg6 34. Ba7 Bb7 35. Bb8 f5 36. Rdc2 Bxd5 37. Bxc7 Rd7 38. Rd2 Bc4 39. Rxd6+ Rxd6 40. Bxd6 Rd4 41. Bc5 Rd2+ 42. Kg1 Rd1+ 43. Kf2 Rd2+ 44. Kg1 1/2-1/2

[Event "Punta del Este Interdepartamental"]
[Site "Punta del Este"]
[Date "2019.08.25"]
[Round "4.3"]
[White "De la Torre, Andres"]
[Black "Arias Bouzada, Jorge"]
[Result "1-0"]
[WhiteElo "1641"]
[BlackElo "2088"]
[PlyCount "51"]
[EventDate "2019.08.23"]
[EventType "team-swiss"]
[EventRounds "5"]
[EventCountry "URU"]
[SourceTitle "EXT 2020"]
[Source "ChessBase"]
[SourceDate "2019.10.17"]
[SourceVersion "1"]
[SourceVersionDate "2019.10.17"]
[SourceQuality "1"]
[WhiteTeam "San Jose"]
[BlackTeam "Canelones Las Piedras"]
[WhiteTeamCountry "URU"]
[BlackTeamCountry "URU"]

1. Nf3 c5 2. g3 g6 3. Bg2 Bg7 4. d3 Nc6 5. c3 d5 6. Nbd2 Nf6 7. Nb3 b6 8. Bf4 0-0 9. 0-0 Bb7 10. Qd2 Re8 11. Bh6 Bh8 12. Rad1 Qc7 13. Rfe1 Rad8 14. Qc1 a5 15. e4 e5 16. a4 c4 17. exd5 cxb3 18. dxc6 Bxc6 19. d4 Qb7 20. dxe5 Ng4 21. Rxd8 Rxd8 22. Qg5 Qc8 23. e6 f5 24. Qe7 Bf6 25. Qf7+ Kh8 26. Ng5 1-0

[Event "Punta del Este Interdepartamental"]
[Site "Punta del Este"]
[Date "2019.08.24"]
[Round "3.3"]
[White "Arias Bouzada, Jorge"]
[Black "Castro, Cesar"]
[Result "1/2-1/2"]
[WhiteElo "2088"]
[BlackElo "2082"]
[PlyCount "45"]
[EventDate "2019.08.23"]
[EventType "team-swiss"]
[EventRounds "5"]
[EventCountry "URU"]
[SourceTitle "EXT 2020"]
[Source "ChessBase"]
[SourceDate "2019.10.17"]
[SourceVersion "1"]
[SourceVersionDate "2019.10.17"]
[SourceQuality "1"]
[WhiteTeam "Canelones Las Piedras"]
[BlackTeam "Lavalleja"]
[WhiteTeamCountry "URU"]
[BlackTeamCountry "URU"]

1. c4 Nf6 2. Nc3 e6 3. d4 d5 4. Bg5 Nbd7 5. Nf3 c6 6. cxd5 exd5 7. e3 Be7 8. Bd3 0-0 9. 0-0 Re8 10. a3 a5 11. Qc2 g6 12. Rab1 Nh5 13. Bxe7 Qxe7 14. b4 axb4 15. axb4 Nb6 16. Qb3 Be6 17. Nd2 Nf6 18. Qb2 Nc4 19. Nxc4 dxc4 20. Be2 Bf5 21. Ra1 b5 22. Ra3 Rxa3 23. Qxa3 1/2-1/2

[Event "URU Department-chT"]
[Site "Punta del Este"]
[Date "2018.08.26"]
[Round "5.21"]
[White "Carvalho, Guillermo"]
[Black "Arias Bouzada, Jorge"]
[Result "1-0"]
[WhiteElo "2175"]
[BlackElo "2100"]
[PlyCount "97"]
[EventDate "2018.08.24"]
[EventType "team-swiss"]
[EventRounds "5"]
[EventCountry "URU"]
[SourceTitle "EXT 2019"]
[Source "ChessBase"]
[SourceDate "2018.10.10"]
[SourceVersion "1"]
[SourceVersionDate "2018.10.10"]
[SourceQuality "1"]
[WhiteTeam "Montevideo Gripe"]
[BlackTeam "Canelones"]
[WhiteTeamCountry "URU"]
[BlackTeamCountry "URU"]

1. Nf3 c5 2. e3 Nf6 3. d4 e6 4. c4 b6 5. Nc3 Bb7 6. Bd3 Be7 7. 0-0 0-0 8. Qe2 Nc6 9. Rd1 cxd4 10. exd4 d5 11. cxd5 Nxd5 12. Nxd5 exd5 13. a3 Bf6 14. Be3 g6 15. Rac1 Re8 16. Qd2 Na5 17. Rc3 Rc8 18. Rdc1 Rxc3 19. Rxc3 Nc4 20. Qc1 Nxe3 21. fxe3 Qa8 22. Kf2 Rc8 23. Rxc8+ Qxc8 24. Qxc8+ Bxc8 25. Nd2 Kf8 26. Nb1 Ke7 27. Nc3 Be6 28. Ba6 Kd7 29. Bb7 a5 30. Bxd5 Bxd5 31. Nxd5 Bd8 32. Nc3 f5 33. Kf3 Kc6 34. e4 fxe4+ 35. Kxe4 b5 36. b3 Be7 37. a4 bxa4 38. bxa4 Bb4 39. Nd5 Bf8 40. Ne3 Bd6 41. h3 Bc7 42. Ng4 Bd8 43. Ne5+ Kc7 44. Kd5 Bh4 45. Ke6 Bf2 46. d5 Bc5 47. Nc4 Bb4 48. d6+ Kd8 49. Ne5 1-0

[Event "URU Department-chT"]
[Site "Punta del Este"]
[Date "2018.08.25"]
[Round "2.41"]
[White "Granara Barreto, Sebastian A"]
[Black "Arias Bouzada, Jorge"]
[Result "1-0"]
[WhiteElo "2111"]
[BlackElo "2100"]
[PlyCount "65"]
[EventDate "2018.08.24"]
[EventType "team-swiss"]
[EventRounds "5"]
[EventCountry "URU"]
[SourceTitle "EXT 2019"]
[Source "ChessBase"]
[SourceDate "2018.10.10"]
[SourceVersion "1"]
[SourceVersionDate "2018.10.10"]
[SourceQuality "1"]
[WhiteTeam "Canelones Las Piedras"]
[BlackTeam "Canelones"]
[WhiteTeamCountry "URU"]
[BlackTeamCountry "URU"]

1. Nf3 c5 2. c4 Nf6 3. g3 Nc6 4. Bg2 d5 5. cxd5 Nxd5 6. 0-0 e5 7. Nc3 Be7 8. Nxe5 Nxc3 9. Nxc6 Nxd1 10. Nxd8 Bxd8 11. Rxd1 0-0 12. d3 Bf6 13. Be3 Re8 14. Rd2 Bd4 15. Bxd4 cxd4 16. Rc1 Be6 17. b3 Re7 18. Rdc2 Rae8 19. Rc7 b6 20. Rxe7 Rxe7 21. Bd5 g5 22. Bxe6 fxe6 23. g4 Kf7 24. Kg2 Kf6 25. Kg3 Ke5 26. Rc8 Rg7 27. h4 gxh4+ 28. Kxh4 Rf7 29. Kg3 Rd7 30. f4+ Kf6 31. Rc6 Kf7 32. Kf3 b5 33. b4 1-0

[Event "American Continental 14th"]
[Site "Montevideo"]
[Date "2018.06.10"]
[Round "11"]
[White "Arias Bouzada, Jorge"]
[Black "Vazquez, Facundo"]
[Result "1-0"]
[WhiteElo "2097"]
[BlackElo "1969"]
[PlyCount "109"]
[EventDate "2018.06.01"]
[EventType "swiss"]
[EventRounds "11"]
[EventCountry "URU"]
[SourceTitle "EXT 2019"]
[Source "ChessBase"]
[SourceDate "2018.10.10"]
[SourceVersion "1"]
[SourceVersionDate "2018.10.10"]
[SourceQuality "1"]

1. c4 Nf6 2. Nc3 g6 3. e4 d6 4. d4 Bg7 5. Nf3 0-0 6. Be2 Na6 7. 0-0 e5 8. d5 Nc5 9. Qc2 a5 10. Ne1 h5 11. Bg5 Qd7 12. f3 Nh7 13. Be3 Qe7 14. Nd3 Bf6 15. a3 Bg5 16. Bf2 f5 17. b4 Na6 18. c5 Nf6 19. Rab1 fxe4 20. fxe4 Bg4 21. h3 Bxe2 22. Qxe2 axb4 23. axb4 Rf7 24. Ra1 Raf8 25. c6 bxc6 26. Rxa6 cxd5 27. exd5 e4 28. Re1 Re8 29. Qa2 Qf8 30. Nb2 e3 31. Bg3 h4 32. Bh2 Nh5 33. Qb1 Qg7 34. Ne2 Bf4 35. Ra2 g5 36. Nd3 Bxh2+ 37. Kxh2 g4 38. Rf1 gxh3 39. gxh3 Rxf1 40. Qxf1 Kh8 41. Qf3 Qg5 42. Ra1 Qh6 43. Rg1 Rf8 44. Qe4 Nf6 45. Qd4 Re8 46. Rg4 Qf8 47. Rxh4+ Kg7 48. Ndf4 Kf7 49. Ne6 Qg8 50. Rf4 Qg6 51. Qxe3 Rg8 52. Ng3 Qc2+ 53. Rf2 Qg6 54. Nxc7 Kg7 55. Qe7+ 1-0

[Event "American Continental 14th"]
[Site "Montevideo"]
[Date "2018.06.08"]
[Round "9"]
[White "Arias Bouzada, Jorge"]
[Black "Pierrot, Juan Facundo"]
[Result "0-1"]
[WhiteElo "2097"]
[BlackElo "2392"]
[PlyCount "120"]
[EventDate "2018.06.01"]
[EventType "swiss"]
[EventRounds "11"]
[EventCountry "URU"]
[SourceTitle "CBM 184 Extra"]
[Source "ChessBase"]
[SourceDate "2018.06.28"]
[SourceVersion "1"]
[SourceVersionDate "2018.06.28"]
[SourceQuality "1"]

1. c4 e5 2. Nc3 Nf6 3. g3 d5 4. cxd5 Nxd5 5. Bg2 Nb6 6. Nf3 Nc6 7. 0-0 Be7 8. d3 0-0 9. Be3 Be6 10. Ne4 Bd5 11. Nc3 Be6 12. Ne4 Qd7 13. Nc5 Bxc5 14. Bxc5 Rfd8 15. b4 f6 16. b5 Ne7 17. a4 Ng6 18. Qb1 Bh3 19. Rc1 Bxg2 20. Kxg2 Nd5 21. Rc4 a6 22. bxa6 b6 23. Ba3 Rxa6 24. Qb5 Qxb5 25. axb5 Ra5 26. e4 Ndf4+ 27. gxf4 Nxf4+ 28. Kg3 Rxd3 29. Bb2 Rxa1 30. Bxa1 Ra3 31. Bb2 Rb3 32. Bc1 Ne6 33. Be3 Rxb5 34. h4 h5 35. Nd2 Kf7 36. Kf3 Ra5 37. Rb4 Ra1 38. Nb1 g6 39. Ke2 f5 40. exf5 gxf5 41. f3 Ra2+ 42. Nd2 Kf6 43. Kd3 Ra3+ 44. Ke2 Ra2 45. Kd3 Ra8 46. Rb5 Rd8+ 47. Ke2 Nd4+ 48. Bxd4 Rxd4 49. Rb1 Rxh4 50. Rc1 c5 51. Nc4 Rh2+ 52. Kd3 b5 53. Nd6 c4+ 54. Kc3 Rf2 55. Nxb5 Rxf3+ 56. Kxc4 h4 57. Nc3 e4 58. Nd5+ Ke5 59. Ra1 Rd3 60. Ra5 Rd4+ 0-1

[Event "American Continental 14th"]
[Site "Montevideo"]
[Date "2018.06.07"]
[Round "8"]
[White "Cimer, Emanuel"]
[Black "Arias Bouzada, Jorge"]
[Result "1-0"]
[WhiteElo "2262"]
[BlackElo "2097"]
[PlyCount "53"]
[EventDate "2018.06.01"]
[EventType "swiss"]
[EventRounds "11"]
[EventCountry "URU"]
[SourceTitle "CBM 184 Extra"]
[Source "ChessBase"]
[SourceDate "2018.06.28"]
[SourceVersion "1"]
[SourceVersionDate "2018.06.28"]
[SourceQuality "1"]

1. e4 c5 2. Nf3 Nc6 3. Bb5 g6 4. Bxc6 bxc6 5. 0-0 d6 6. Re1 Bg7 7. e5 d5 8. h3 h5 9. d3 Nh6 10. b3 d4 11. Nbd2 Qd5 12. Ba3 g5 13. Nxg5 Bxe5 14. Qf3 Bd6 15. Nge4 Be6 16. Nxc5 Bxc5 17. Qxd5 cxd5 18. Bxc5 Rg8 19. Kh2 Nf5 20. Nf3 Rc8 21. b4 a6 22. Re2 Rb8 23. a3 Kd7 24. Rae1 Rgc8 25. Bxd4 Nxd4 26. Nxd4 Rb6 27. f4 1-0

[Event "American Continental 14th"]
[Site "Montevideo"]
[Date "2018.06.03"]
[Round "4"]
[White "Arias Bouzada, Jorge"]
[Black "Durante, Aurelio"]
[Result "1-0"]
[WhiteElo "2097"]
[BlackElo "2006"]
[PlyCount "67"]
[EventDate "2018.06.01"]
[EventType "swiss"]
[EventRounds "11"]
[EventCountry "URU"]
[SourceTitle "CBM 184 Extra"]
[Source "ChessBase"]
[SourceDate "2018.06.28"]
[SourceVersion "1"]
[SourceVersionDate "2018.06.28"]
[SourceQuality "1"]

1. c4 e5 2. Nc3 Bb4 3. Qc2 Nc6 4. e3 Nf6 5. Nge2 d6 6. Nd5 a5 7. g3 Bg4 8. Bg2 Bc5 9. Nec3 0-0 10. 0-0 Nxd5 11. Nxd5 Qd7 12. a3 Bf5 13. d3 Nd8 14. Rb1 c6 15. Nc3 Ne6 16. b4 axb4 17. axb4 Bb6 18. Bd2 Ra7 19. Rfd1 Rfa8 20. Be1 Ng5 21. h4 Ne6 22. Rb2 Bg4 23. Rbb1 f5 24. b5 Bc7 25. b6 Bxb6 26. Rxb6 f4 27. f3 Bh5 28. g4 Bg6 29. h5 Bf7 30. Bf2 Nd8 31. exf4 exf4 32. Rb2 Ra3 33. Bh4 g5 34. Bxg5 1-0

[Event "American Continental 14th"]
[Site "Montevideo"]
[Date "2018.06.01"]
[Round "1"]
[White "Xiong, Jeffery"]
[Black "Arias Bouzada, Jorge"]
[Result "1-0"]
[WhiteElo "2656"]
[BlackElo "2097"]
[PlyCount "36"]
[EventDate "2018.06.01"]
[EventType "swiss"]
[EventRounds "11"]
[EventCountry "URU"]
[SourceTitle "CBM 184 Extra"]
[Source "ChessBase"]
[SourceDate "2018.06.28"]
[SourceVersion "1"]
[SourceVersionDate "2018.06.28"]
[SourceQuality "1"]

1. e4 c5 2. Nf3 Nc6 3. Bb5 g6 4. Bxc6 bxc6 5. 0-0 Bg7 6. Re1 e5 7. c3 d6 8. d4 cxd4 9. cxd4 Bg4 10. dxe5 Bxe5 11. Nbd2 Ne7 12. Nc4 Qc7 13. h3 Bxf3 14. Qxf3 f6 15. Bh6 Kf7 16. Nxe5+ dxe5 17. Qb3+ Ke8 18. Qe6 Qd8 1-0

[Event "Montevideo Trebejos Autumn op"]
[Site "Montevideo"]
[Date "2017.05.03"]
[Round "4"]
[White "Arias Bouzada, Jorge"]
[Black "Pena Canapa, Alfredo"]
[Result "1/2-1/2"]
[WhiteElo "2076"]
[BlackElo "1884"]
[PlyCount "80"]
[EventDate "2017.04.24"]
[EventType "swiss"]
[EventRounds "7"]
[EventCountry "URU"]
[SourceTitle "CBM 178 Extra"]
[Source "ChessBase"]
[SourceDate "2017.06.22"]
[SourceVersion "1"]
[SourceVersionDate "2017.06.22"]
[SourceQuality "1"]

1. c4 e5 2. Nc3 Nc6 3. g3 Bc5 4. Bg2 a6 5. e3 d6 6. Nge2 Ba7 7. 0-0 h5 8. d4 h4 9. Bxc6+ bxc6 10. dxe5 hxg3 11. fxg3 Qg5 12. exd6 Qh6 13. Rf2 Nf6 14. Qd3 Bd7 15. Nd4 cxd6 16. Nf5 Bxf5 17. Qxf5 0-0 18. Kg2 Bxe3 19. Bxe3 Qxe3 20. Rd1 Rad8 21. Re2 Qc5 22. Qxc5 dxc5 23. Kf3 Rd4 24. b3 Rfd8 25. Rxd4 Rxd4 26. Na4 Nd7 27. Ke3 Rd6 28. Rd2 Rxd2 29. Kxd2 f5 30. h4 Kf7 31. Ke3 a5 32. Kf4 Kf6 33. h5 g5+ 34. hxg6 Kxg6 35. Nb2 Kf6 36. Nd3 Kg6 37. Ne1 Kf6 38. Nf3 Nf8 39. a3 Ng6+ 40. Ke3 Ne5 1/2-1/2

[Event "Montevideo Trebejos Autumn op"]
[Site "Montevideo"]
[Date "2017.04.26"]
[Round "2"]
[White "Arias Bouzada, Jorge"]
[Black "Belistri, Ubaldo"]
[Result "1-0"]
[WhiteElo "2076"]
[BlackElo "1881"]
[PlyCount "51"]
[EventDate "2017.04.24"]
[EventType "swiss"]
[EventRounds "7"]
[EventCountry "URU"]
[SourceTitle "CBM 178 Extra"]
[Source "ChessBase"]
[SourceDate "2017.06.22"]
[SourceVersion "1"]
[SourceVersionDate "2017.06.22"]
[SourceQuality "1"]

1. c4 Nf6 2. Nc3 c5 3. Nf3 Nc6 4. d4 cxd4 5. Nxd4 d6 6. e4 e5 7. Nc2 Be7 8. Be2 Be6 9. 0-0 0-0 10. Be3 Qd7 11. f3 Ne8 12. Qd2 f5 13. Rfd1 Rd8 14. b4 f4 15. Bf2 g5 16. Nd5 b6 17. a4 Nf6 18. a5 g4 19. axb6 axb6 20. Nxb6 Qe8 21. b5 Nb8 22. Nd5 Rf7 23. Nc7 Qd7 24. Ra7 Rg7 25. Nd5 Qe8 26. Rxe7 1-0

[Event "American Continental 11th"]
[Site "Montevideo"]
[Date "2015.05.23"]
[Round "10"]
[White "Arias Bouzada, Jorge"]
[Black "Larrea, Manuel"]
[Result "0-1"]
[WhiteElo "2070"]
[BlackElo "2327"]
[PlyCount "56"]
[EventDate "2015.05.15"]
[EventType "swiss"]
[EventRounds "11"]
[EventCountry "URU"]
[SourceTitle "CBM 167"]
[Source "ChessBase"]
[SourceDate "2015.07.13"]
[SourceVersion "1"]
[SourceVersionDate "2015.07.13"]
[SourceQuality "1"]

1. e4 c5 2. Nf3 Nc6 3. d4 cxd4 4. Nxd4 Nf6 5. Nc3 e5 6. Ndb5 d6 7. Nd5 Nxd5 8. exd5 Nb8 9. c4 a6 10. Nc3 Be7 11. Be2 0-0 12. 0-0 f5 13. f4 Nd7 14. Kh1 Bf6 15. Be3 exf4 16. Bxf4 Ne5 17. Qd2 b6 18. Rac1 Ra7 19. b4 g5 20. Be3 Rg7 21. Na4 f4 22. Bxb6 Qe8 23. Nc3 f3 24. Ne4 g4 25. Bd4 fxg2+ 26. Kxg2 Nf3 27. Bxf3 gxf3+ 28. Kh1 f2 0-1

[Event "American Continental 11th"]
[Site "Montevideo"]
[Date "2015.05.22"]
[Round "9"]
[White "Toledo, Javier"]
[Black "Arias Bouzada, Jorge"]
[Result "0-1"]
[WhiteElo "1769"]
[BlackElo "2070"]
[PlyCount "90"]
[EventDate "2015.05.15"]
[EventType "swiss"]
[EventRounds "11"]
[EventCountry "URU"]
[SourceTitle "CBM 167"]
[Source "ChessBase"]
[SourceDate "2015.07.13"]
[SourceVersion "1"]
[SourceVersionDate "2015.07.13"]
[SourceQuality "1"]

1. e4 c5 2. Nf3 Nc6 3. d4 cxd4 4. Nxd4 g6 5. c4 Bg7 6. Be3 Nf6 7. f3 0-0 8. Nc3 Qb6 9. Ncb5 a6 10. Nc2 Qd8 11. Nc3 d6 12. Qd2 Be6 13. Rc1 Rc8 14. b3 Nd7 15. Be2 a5 16. Nb5 Nc5 17. 0-0 f5 18. exf5 Bxf5 19. Rfd1 Qe8 20. Ncd4 Nxd4 21. Bxd4 Bxd4+ 22. Qxd4 Qc6 23. Qd2 Qb6 24. Kh1 Rf7 25. Re1 Rcf8 26. Rcd1 Bd7 27. Nd4 Rf6 28. Nc2 Bc6 29. Ne3 e5 30. Nd5 Bxd5 31. Qxd5+ Kg7 32. Rd2 a4 33. Rb1 axb3 34. axb3 Qb4 35. Bd1 Ra8 36. Re2 Ra2 37. Bc2 Ne6 38. Qd1 Nd4 39. Rd2 Qc3 40. Rc1 Rf8 41. Rd3 Qb2 42. Rd2 Rfa8 43. Rb1 Qc3 44. Rc1 Rxc2 45. Rdxc2 Qxc2 0-1

[Event "American Continental 11th"]
[Site "Montevideo"]
[Date "2015.05.21"]
[Round "8"]
[White "Arias Bouzada, Jorge"]
[Black "Rodriguez Farias, Eduardo"]
[Result "1-0"]
[WhiteElo "2070"]
[BlackElo "1956"]
[PlyCount "91"]
[EventDate "2015.05.15"]
[EventType "swiss"]
[EventRounds "11"]
[EventCountry "URU"]
[SourceTitle "CBM 167"]
[Source "ChessBase"]
[SourceDate "2015.07.13"]
[SourceVersion "1"]
[SourceVersionDate "2015.07.13"]
[SourceQuality "1"]

1. e4 c5 2. Nf3 Nc6 3. d4 cxd4 4. Nxd4 Nf6 5. Nc3 e5 6. Ndb5 d6 7. Nd5 Nxd5 8. exd5 Ne7 9. c3 Nf5 10. a4 Be7 11. Be2 0-0 12. 0-0 Nh4 13. Be3 a6 14. Na3 f5 15. Nc4 f4 16. Bb6 Qd7 17. f3 Rf6 18. Bf2 Nxg2 19. Kxg2 Qh3+ 20. Kh1 Rh6 21. Bg1 Bh4 22. Bd3 Bg3 23. Qe2 Bf5 24. Rad1 Rf8 25. Bxf5 Rxf5 26. Qg2 Qh4 27. Rd2 Rg6 28. Qe2 Rfg5 29. Qd1 Qh3 30. Rg2 h5 31. Nd2 h4 32. Ne4 Rh5 33. Nf2 Qd7 34. Qc2 Rgh6 35. Ng4 Rh7 36. h3 Kf7 37. Qe4 Rh8 38. Rc2 Rc8 39. c4 Qxa4 40. Rfc1 Qd7 41. Kg2 Kg8 42. Qg6 Qf7 43. Nf6+ Qxf6 44. Qxh5 e4 45. fxe4 Rf8 46. Qf3 1-0

[Event "American Continental 11th"]
[Site "Montevideo"]
[Date "2015.05.19"]
[Round "6"]
[White "Ortiz, Jorge Daniel"]
[Black "Arias Bouzada, Jorge"]
[Result "0-1"]
[WhiteElo "1894"]
[BlackElo "2070"]
[PlyCount "54"]
[EventDate "2015.05.15"]
[EventType "swiss"]
[EventRounds "11"]
[EventCountry "URU"]
[SourceTitle "CBM 167"]
[Source "ChessBase"]
[SourceDate "2015.07.13"]
[SourceVersion "1"]
[SourceVersionDate "2015.07.13"]
[SourceQuality "1"]

1. d4 c5 2. dxc5 Qa5+ 3. Nc3 Nc6 4. Nf3 Nf6 5. e4 Nxe4 6. Bd2 Nxc3 7. Bxc3 Qxc5 8. Bd3 d5 9. h3 Bd7 10. Be2 f6 11. 0-0 e5 12. Nd2 Be7 13. Nb3 Qd6 14. Bh5+ g6 15. Bf3 Be6 16. Bd2 0-0 17. Be2 Rac8 18. Bh6 Rfd8 19. f4 e4 20. g4 d4 21. Qe1 Nb4 22. Bd1 f5 23. c3 Nd3 24. Qd2 dxc3 25. bxc3 Bf6 26. Nd4 Bxd4+ 27. cxd4 Qxd4+ 0-1

[Event "American Continental 11th"]
[Site "Montevideo"]
[Date "2015.05.17"]
[Round "4"]
[White "Diaz, Maria MA"]
[Black "Arias Bouzada, Jorge"]
[Result "0-1"]
[WhiteElo "1963"]
[BlackElo "2070"]
[PlyCount "66"]
[EventDate "2015.05.15"]
[EventType "swiss"]
[EventRounds "11"]
[EventCountry "URU"]
[SourceTitle "CBM 167"]
[Source "ChessBase"]
[SourceDate "2015.07.13"]
[SourceVersion "1"]
[SourceVersionDate "2015.07.13"]
[SourceQuality "1"]

1. d4 c5 2. d5 e5 3. e4 d6 4. Nc3 g6 5. Nf3 Bg7 6. Be2 Ne7 7. 0-0 0-0 8. Bg5 h6 9. Bxe7 Qxe7 10. Nd2 a6 11. a4 b6 12. Nc4 Nd7 13. Rb1 f5 14. Bf3 Bb7 15. b4 Rac8 16. Qd3 cxb4 17. Rxb4 a5 18. Rbb1 Ba6 19. Nb5 fxe4 20. Qxe4 Bxb5 21. axb5 Rf4 22. Qxg6 Rcxc4 23. Rb3 Nc5 24. Re3 Rf6 25. Qh5 Rxc2 26. Bd1 Rd2 27. Rg3 Qf7 28. Qg4 Rf4 29. Qc8+ Qf8 30. Qh3 Rdxf2 31. Rxf2 Rxf2 32. Bf3 Rb2 33. Qxh6 Rb1+ 0-1

[Event "Horacio Arevalo Memorial"]
[Site "Colonia del Sacramento"]
[Date "2014.05.04"]
[Round "5"]
[White "Avedisian, Alexander"]
[Black "Arias Bouzada, Jorge"]
[Result "1/2-1/2"]
[WhiteElo "1876"]
[BlackElo "2078"]
[PlyCount "28"]
[EventDate "2014.05.02"]
[EventType "swiss"]
[EventRounds "5"]
[EventCountry "URU"]
[SourceTitle "EXT 2016"]
[Source "ChessBase"]
[SourceDate "2015.10.08"]
[SourceVersion "1"]
[SourceVersionDate "2015.10.08"]
[SourceQuality "1"]

1. e4 c5 2. Nf3 Nc6 3. Bb5 g6 4. Bxc6 bxc6 5. 0-0 Bg7 6. Re1 e5 7. c3 Qb6 8. Na3 Ba6 9. d3 Ne7 10. Nc2 0-0 11. d4 cxd4 12. cxd4 d6 13. Rb1 Rfd8 14. Bg5 f6 1/2-1/2